000 00797nam a2200289Ia 4500
003 OSt
005 20221006160526.0
006 a|||||r|||| 00| 0
007 ta
008 221006b |||||||| |||| 00| 0 jpn d
020 _a101156212
_c¥440
020 _a9784101156217
024 _a45,393
037 _bGift, Prof. Yuichi Kamimura
_cTextual
040 _aEASL
_cEASL
_bjpn
041 _2jpn
_ajpn
082 _aO42,3N23, M4
100 _aIkenami Shotaro
_9674001
245 0 _aSanada sodo
260 _aTokyo
_bShinchosha Japan
_c1984
300 _a384p.
_ccm.
490 _v JL
650 _a JL
650 _aJapan - Literature - Novel
_9645987
942 _hO42,3N23, M4
_cTEXL
_2CC
999 _c1113485
_d1113485